• 首页
  • 本馆介绍
  • 公告通知
  • 最新文献
  • 馆藏检索
  • 电子资源
  • 读者导购
  • 参考咨询
  • 我的图书馆
  • 登录
  • 详细信息显示
  • 放入我的书架
  • 预约/预借图书
  • 作者相关作品
  • 分类相关作品
  • 丛书相关作品
  • 出版社相关作品

书目信息

  • 表格格式
  • 工作单格式
  • 卡片格式
题名:
信用管理学
    
 
作者: 朱毅峰 , 吴晶妹 主编
分册:  
出版信息: 北京   中国人民大学出版社  2005
页数: 240页
开本: 23cm
丛书名: 经济管理类课程教材·信用系列
单 册:
中图分类: F830.56 , F830.36
科图分类:
主题词: 企业管理--信贷管理--高等学校--教材
电子资源:
ISBN: 7-300-06427-2
000 00919nam0 2200289 450
000 00898nam0 2200277 450
000 00828nam0 2200253 450
000 00791oam2 2200241 450
005 20070725153312.07
010    @a7-300-06427-2@dCNY19.00
100    @a20040401d2005 ekmy0chiy0110 ea
101 0  @achi
102    @aCN@b110000
105    @ay z 000yy
200 1  @a信用管理学@AXin Yong Guan Li Xue@f朱毅峰,吴晶妹主编@FZhu Yi Feng , Wu Jing Mei Zhu Bian
210    @a北京@c中国人民大学出版社@d2005
215    @a240页@d23cm
225 2  @a经济管理类课程教材·信用系列
300    @a北京市高等教育精品教材立项项目
410  0 @12001 @a经济管理类课程教材·信用系列
606 0  @a企业管理@x信贷管理@x高等学校@j教材
690    @aF830.56@v4
690    @aF830.36@v3
701  0 @a朱毅峰@AZhu Yi Feng@4主编
701  0 @a吴晶妹@AWu Jing Mei@4主编
801  0 @aCN@bTAOJIN@c20070725
905    @a10447@dF830.36@e108
    
    信用管理学/朱毅峰,吴晶妹主编.-北京:中国人民大学出版社,2005
    240页;23cm.-(经济管理类课程教材·信用系列)
    北京市高等教育精品教材立项项目
    
    ISBN 7-300-06427-2:CNY19.00
    
●
相关链接 在E读中查询图书 在五车中查询图书 在当当中查询图书 在豆瓣中查询图书


正题名:信用管理学     索取号:F830.36/108         预约/预借

序号 登录号 条形码 馆藏地/架位号 状态 备注
1 0825963   208259631   第一样本阅览室/ [索取号:F830.36/108] 在馆    
2 0825964   208259640   第一借阅区/ [索取号:F830.36/108] 在馆    
3 0825965   208259659   第一借阅区/ [索取号:F830.36/108] 在馆    
4 0825966   208259668   第一借阅区/ [索取号:F830.36/108] 在馆    
5 0825967   208259677   第一借阅区/ [索取号:F830.36/108] 在馆    
6 0825968   208259686   第一借阅区/ [索取号:F830.36/108] 在馆    
7 0825969   208259695   第一借阅区/ [索取号:F830.36/108] 在馆    
8 0825970   208259702   第一借阅区/ [索取号:F830.36/108] 在馆    
唐山师范学院图书馆 欢迎您!
大连网信软件有限公司© 版权所有